| 000 | 01637nam a2200313 a 4500 | ||
|---|---|---|---|
| 001 | BRCA_3076 | ||
| 005 | 20190320204111.0 | ||
| 008 | 270109s1824----fr-a---###---#000-0dfre-u | ||
| 041 | _afre | ||
| 044 | _afr | ||
| 084 |
_a383 _b.B75 _c1824 |
||
| 100 | 1 |
_aCervantes Saavedra, Miguel de _d1547-1616 _9213 |
|
| 245 | 1 | 0 |
_aOeuvres posthumes et inédites de Florian de l´Académie Francaise _cMiguel de Cervantes Saavedra. |
| 260 |
_aParís _bBriand _c1824 |
||
| 300 |
_a3 v. _bil. _c22 cm. |
||
| 500 | _aContenido : v 1. Primera parte. Vida y obra de Cervantes por Florian. Advertencia del traductor. Prólogo del autor. Texto. -- v 2. Texto. Segunda parte. Prefacio del traductor. Prólogo del autor. Texto. -- v 3. Texto. Coloquio de los perros | ||
| 500 | _aEdición : Nouvelle edition ornée d´un portrait et de 24 gravures | ||
| 500 | _aPara esta edición se tuvo presente la primitiva de Florian, de 1799, pero añadiéndole la Vida de Cervantes, escrita por el mismo traductor, para la Galatea, y la traducción abreviada del Coloquio de los perros. Va adornada con láminas del Choquet. Semipiel; lomos y planos decorados con dorados Lúdovik Osterc | ||
| 500 | _aQM306 | ||
| 546 | _aTexto en : francés | ||
| 650 | 1 | 4 |
_aNovela española _yÉpoca clásica, 1500-1700 _9215 |
| 650 | 1 | 4 |
_aLiteratura española _yÉpoca clásica, 1500-1700 _9216 |
| 650 | 1 | 4 |
_aNovela española _ySiglo XVII _9217 |
| 650 | 1 | 4 |
_aDon Quijote (Personaje ficticio) _eNovela _9218 |
| 700 | 1 |
_aFlorian, Jean-Pierre Claris de _d1755-1794 _eTraductor _98406 |
|
| 740 | 0 | _aEl Ingenioso Hidalgo Don Quijote de la Mancha | |
| 902 | _aQFM | ||
| 942 |
_2lcc _cB |
||
| 999 |
_c2812 _d2812 |
||